| 000 | 00842nam a2200265Ia 4500 | ||
|---|---|---|---|
| 001 | 21750 | ||
| 005 | 20260320113309.0 | ||
| 008 | 260320s9999||||xx |||||||||||||| ||und|| | ||
| 020 | _a9786124396335 | ||
| 041 | _aESP | ||
| 082 |
_a624.15136 _bA47 T. 1 |
||
| 100 |
_aAlva Hurtado, Jorge, _eAUT |
||
| 245 | 0 |
_aIngeniería geotécnica sísmica : _bsismos, microzonificación, licuación y taludes, |
|
| 246 |
_a _5 _b |
||
| 250 | _aPrimera edición | ||
| 260 |
_aLima : _bUniversidad Nacional de Ingeniería _c2020 |
||
| 300 |
_a477 páginas : _bilustraciones, tablas ; _c29 cm. _e |
||
| 440 |
_a _n _v |
||
| 650 | _aTCA | ||
| 653 | _aMecánica de suelos | ||
| 654 | _aCIC | ||
| 700 |
_a _c |
||
| 856 |
_uhttps://go-gale-com.ucsp.lookproxy.com/ps/start.do?p=IFME&u=ucsp _zVéase además: Base de datos Gale |
||
| 942 |
_cLIB _dJUS _fMIP _2ddc _n |
||
| 999 |
_c21750 _d21750 |
||